000 00459nam a2200145 a 4500
001 000030092
005 20220823125740.0
008 110405s1978 dr abc 000 0 spa d
040 _aDO-SdBNP
_bspa
_cBNPHU
110 2 _aBanco de Reservas de la República Dominicana
_96285
245 1 0 _aInforme anual 1978 /.
260 _cSanto Domingo :
_bBanco de Reservas,
_c[1978].
_fImpresión Lainfo
300 _a49 p. :
_bil., gráf.., retrs. ;
_c28 cm.
049 _aBNPD
999 _c29584
_d29584